Bruges and its past (Registro nro. 86152)

Detalles MARC
000 -ENCABEZADO
Número de control [NR] 00513nam a22001697a 4500
008 - DE LONGITUD FIJA DE DATOS DE ELEMENTOS - INFORMACIÓN GENERAL
Elementos de longitud fija [NR] 130821s1926 enk gr eng
040 ## - FUENTE DE CATALOGACION [NR]
Agencia de catalogación original [NR] Co-BoUCM
Idioma de catalogación [NR] spa
041 00 - CODIGO DE IDIOMA [R]
Código de idioma para texto/pista de sonido o título separado [R] Inglés
100 ## - ASIENTO PRINCIPAL--NOMBRE PERSONAL [NR]
Nombre personal [NR] Letts, Malcolm
ID Autoridad 149793
245 00 - MENCION DE TITULO [NR]
Título [NR] Bruges and its past
Mención de responsabilidad, etc. [NR] By Malcolm Letts
250 ## - MENCION DE EDICION [NR]
Mención de edición [NR] 2a. ed.
260 ## - PUBLICACION, DISTRIBUCION, ETC. (PIE DE IMPRENTA) [R]
Lugar de publicación, distribución, etc. [R] Londres (Inglaterra)
Nombre del editor, distribuidor, etc. [R] Desclée de Brouwer
Fecha de publicación, distribución, etc. [R] 1926
300 ## - DESCRIPCION FISICA [R]
Extensión [R] 168 páginas
500 ## - NOTA GENERAL [R]
Nota general [NR] Notas a pie de página
942 ## - ELEMENTOS DE ENTRADA AGREGADOS (KOHA)
Tipo de ítem principal el descrito en 300a Libro
Tema principal [No clasificado]
Edición 2
Parte restante de la signatura top. L37
Título oculto en OPAC No
Sistema de clasificación DEWEY
Clasificación 944
Existencias
Signatura topográfica Código de barras Última vez visto Volúmen / Fascículo Ejemplar Price effective from Tipo de ítem Perdido Sistema de clasificación Dañado No prestable Tipo de ítem específico Suprimido Ubicación habitual Ubicación actual Localización Fecha de creación Forma de adquisición Costo
FCS 944 L37 120001643 10/07/2012 2A.ED. Ej.1 03/02/2013 Libro   DEWEY     Fondos especiales     Archivo Histórico Archivo histórico 28/02/2003 Donación 1000.00